[Event "ESP-ch 88th"]
[Site "Marbella"]
[Date "2023.10.16"]
[Round "4"]
[White "Navarrete Delgado, Sergio"]
[Black "Guadamuro Torrente, Anabel"]
[Result "1-0"]
[WhiteElo "2173"]
[BlackElo "2033"]
[PlyCount "131"]
[EventDate "2023.10.13"]
[EventType "swiss"]
[EventRounds "9"]
[EventCountry "ESP"]
[SourceTitle "Mega2024 Update 01"]
[Source "Chessbase"]
[SourceDate "2023.11.12"]
[SourceVersion "1"]
[SourceVersionDate "2023.11.12"]
[SourceQuality "1"]

1. e4 e5 2. Nf3 Nc6 3. Bc4 Bc5 4. d3 Nf6 5. Be3 Bxe3 6. fxe3 0-0 7. 0-0 d6 8. Qe1 Ne7 9. Nbd2 c6 10. Bb3 a5 11. a4 Ng6 12. Nh4 Nxe4 13. Nxe4 Nxh4 14. Nf6+ gxf6 15. Qxh4 f5 16. Qh6 Kh8 17. Rf3 Rg8 18. Rh3 Rg7 19. Rg3 Rxg3 20. hxg3 d5 21. Kf2 Be6 22. e4 fxe4 23. dxe4 dxe4 24. Rh1 e3+ 25. Kxe3 Qd4+ 26. Ke2 Qe4+ 27. Kf2 Qf5+ 28. Kg1 Bxb3 29. cxb3 Qg6 30. Qe3 f6 31. Rh4 Rd8 32. Kh2 Rd3 33. Qe1 Rxb3 34. Rh3 Rxb2 35. Qxa5 Qe8 36. Qc7 Qg8 37. Qe7 Rf2 38. Kg1 Rf5 39. Rh6 Qg7 40. Qe8+ Qg8 41. Qe7 Qg7 42. Qd8+ Qg8 43. Qd7 Rg5 44. Rxf6 Qd5 45. Qe8+ Rg8 46. Qe7 Qd1+ 47. Rf1 Qd4+ 48. Kh2 Qe3 49. Qf6+ Rg7 50. Qd8+ Rg8 51. Qf6+ Rg7 52. Qh4 h6 53. Rf3 Qg5 54. Qe4 h5 55. Kg1 Qc1+ 56. Rf1 Qg5 57. Rf8+ Rg8 58. Rf5 Qxg3 59. Rxh5+ Kg7 60. Rxe5 Kh6 61. Qe2 Qg4 62. Re6+ Kh5 63. Qe5+ Qg5 64. Qh2+ Kg4 65. Qh3+ Kf4 66. Qf3# 1-0

[Event "ESP-chT CECLUB Div1"]
[Site "Sanxenxo"]
[Date "2022.09.23"]
[Round "7.3"]
[White "Guadamuro Torrente, Anabel"]
[Black "Bosque Ortega, Xavier"]
[Result "1-0"]
[WhiteElo "2102"]
[BlackElo "2164"]
[PlyCount "73"]
[EventDate "2022.09.17"]
[EventType "team-tourn"]
[EventRounds "7"]
[EventCountry "ESP"]
[SourceTitle "CBM 210 Extra"]
[Source "ChessBase"]
[SourceDate "2022.11.30"]
[SourceVersion "1"]
[SourceVersionDate "2022.11.30"]
[SourceQuality "1"]
[WhiteTeam "Virgen de Atocha"]
[BlackTeam "Barbera"]
[WhiteTeamCountry "ESP"]
[BlackTeamCountry "ESP"]

1. e4 c6 2. d4 d5 3. Nc3 g6 4. h3 Bg7 5. Nf3 dxe4 6. Nxe4 Nf6 7. Nxf6+ exf6 8. Bc4 0-0 9. 0-0 b5 10. Be2 Bb7 11. a4 a6 12. Bf4 Nd7 13. a5 Re8 14. c4 Nf8 15. Be3 Ne6 16. d5 cxd5 17. cxb5 d4 18. Bxd4 axb5 19. Bb6 Qe7 20. Bxb5 Red8 21. Bxd8 Rxd8 22. Qe2 Qc5 23. a6 Bxf3 24. Qxf3 Nd4 25. Qb7 Qxb5 26. Qxb5 Nxb5 27. a7 Ra8 28. Ra5 Nxa7 29. Rfa1 Rb8 30. Rxa7 Rxb2 31. Rd1 Bf8 32. Rd8 Kg7 33. Rdd7 Kh6 34. Rxf7 Bc5 35. Rxh7+ Kg5 36. Ra5 Rc2 37. Rc7 1-0

[Event "ESP-chT CECLUB Div1"]
[Site "Sanxenxo"]
[Date "2022.09.21"]
[Round "5.4"]
[White "Guadamuro Torrente, Anabel"]
[Black "Rodriguez Ferreiros, Andres"]
[Result "1/2-1/2"]
[WhiteElo "2102"]
[BlackElo "2110"]
[PlyCount "24"]
[EventDate "2022.09.17"]
[EventType "team-tourn"]
[EventRounds "7"]
[EventCountry "ESP"]
[SourceTitle "CBM 210 Extra"]
[Source "ChessBase"]
[SourceDate "2022.11.30"]
[SourceVersion "1"]
[SourceVersionDate "2022.11.30"]
[SourceQuality "1"]
[WhiteTeam "Virgen de Atocha"]
[BlackTeam "Sanxenxo Fontecarmoa"]
[WhiteTeamCountry "ESP"]
[BlackTeamCountry "ESP"]

1. d4 Nf6 2. Nf3 e6 3. e3 a6 4. c4 d5 5. Nc3 c5 6. dxc5 Bxc5 7. a3 dxc4 8. Qxd8+ Kxd8 9. Bxc4 b5 10. Be2 Bb7 11. 0-0 Ke7 12. b4 Bd6 1/2-1/2

[Event "ESP-chT CECLUB Div1"]
[Site "Sanxenxo"]
[Date "2022.09.20"]
[Round "4.1"]
[White "Gonzalez de la Torre, Santiago"]
[Black "Guadamuro Torrente, Anabel"]
[Result "1-0"]
[WhiteElo "2439"]
[BlackElo "2102"]
[PlyCount "93"]
[EventDate "2022.09.17"]
[EventType "team-tourn"]
[EventRounds "7"]
[EventCountry "ESP"]
[SourceTitle "CBM 210 Extra"]
[Source "ChessBase"]
[SourceDate "2022.11.30"]
[SourceVersion "1"]
[SourceVersionDate "2022.11.30"]
[SourceQuality "1"]
[WhiteTeam "Taldea Gros Xake"]
[BlackTeam "Virgen de Atocha"]
[WhiteTeamCountry "ESP"]
[BlackTeamCountry "ESP"]

1. c4 c6 2. e4 e5 3. Nf3 d6 4. d4 Nd7 5. Nc3 Ngf6 6. Be2 g6 7. 0-0 Bg7 8. Re1 0-0 9. Bf1 h6 10. g3 Re8 11. d5 c5 12. a3 Nh7 13. Rb1 f5 14. Nh4 f4 15. Nxg6 Qf6 16. Nh4 Rf8 17. Nf5 Nb6 18. g4 Bxf5 19. exf5 Qh4 20. Ne4 h5 21. f3 Nd7 22. Qe2 hxg4 23. fxg4 f3 24. Qf2 Qxg4+ 25. Qg3 Qxg3+ 26. hxg3 Rxf5 27. Bh3 Rf7 28. Be6 Raf8 29. Kf2 Kh8 30. Bxf7 Rxf7 31. Nxd6 Rf8 32. Re3 Ng5 33. Ne4 Nh3+ 34. Kf1 b6 35. b4 Nf6 36. Nxf6 Bxf6 37. Rxf3 e4 38. Rf5 Kg7 39. Kg2 Kg6 40. g4 Re8 41. Kxh3 e3 42. bxc5 bxc5 43. Rf3 e2 44. Bd2 Bg5 45. Bxg5 e1Q 46. Rxe1 Rxe1 47. Bd2 1-0

[Event "Alicante Easter op 6th"]
[Site "Alicante"]
[Date "2022.04.14"]
[Round "2"]
[White "Guadamuro Torrente, Anabel"]
[Black "Grigoryan, Karen H"]
[Result "0-1"]
[WhiteElo "2108"]
[BlackElo "2630"]
[PlyCount "72"]
[EventDate "2022.04.13"]
[EventType "swiss"]
[EventRounds "9"]
[EventCountry "ESP"]
[SourceTitle "CBM 207 Extra"]
[Source "ChessBase"]
[SourceDate "2022.05.31"]
[SourceVersion "1"]
[SourceVersionDate "2022.05.31"]
[SourceQuality "1"]

1. e4 c5 2. d3 Nc6 3. g3 g6 4. Bg2 Bg7 5. f4 e6 6. Nf3 Nge7 7. 0-0 0-0 8. Nc3 d5 9. e5 f6 10. exf6 Bxf6 11. Re1 Nf5 12. Ne2 b5 13. g4 Nh4 14. Nxh4 Bxh4 15. Ng3 Qd6 16. c3 Bd7 17. a4 b4 18. d4 cxd4 19. cxd4 Rxf4 20. Bxf4 Qxf4 21. Rf1 Qe3+ 22. Kh1 Nxd4 23. Re1 Qf4 24. Re4 dxe4 25. Qxd4 Rd8 26. Rf1 Qc7 27. Nxe4 Bb5 28. Qxd8+ Qxd8 29. axb5 Qd4 30. Rc1 Qxb2 31. Rc8+ Kf7 32. Rc7+ Kf8 33. Bf3 b3 34. Nc5 Qf2 35. Nxe6+ Kg8 36. Rc8+ Kf7 0-1

[Event "Malaga op 15th"]
[Site "Malaga"]
[Date "2021.10.30"]
[Round "4"]
[White "Guadamuro Torrente, Anabel"]
[Black "Perez Guerra, Alberto"]
[Result "1/2-1/2"]
[WhiteElo "2116"]
[BlackElo "1956"]
[PlyCount "100"]
[EventDate "2021.10.29"]
[EventType "swiss"]
[EventRounds "7"]
[EventCountry "ESP"]
[SourceTitle "CBM 204 Extra"]
[Source "ChessBase"]
[SourceDate "2021.11.30"]
[SourceVersion "1"]
[SourceVersionDate "2021.11.30"]
[SourceQuality "1"]

1. e4 c5 2. d3 Nc6 3. g3 g6 4. Bg2 Bg7 5. f4 e6 6. Nf3 Nge7 7. 0-0 0-0 8. Nc3 Nd4 9. Ne2 d6 10. c3 Nxf3+ 11. Bxf3 Nc6 12. Be3 Qe7 13. d4 cxd4 14. Nxd4 Nxd4 15. cxd4 Bd7 16. Rc1 Bc6 17. Qb3 d5 18. e5 Qd7 19. g4 Ba4 20. Qb4 Rfc8 21. f5 Bb5 22. Rxc8+ Rxc8 23. Rf2 gxf5 24. gxf5 Bd3 25. f6 Bf8 26. Rg2+ Kh8 27. Qd2 Bg6 28. Bh6 Qa4 29. Bxf8 Rxf8 30. b3 Qc6 31. Qh6 Rg8 32. h4 Qc3 33. Qf4 Rc8 34. Kh2 Qc1 35. Qxc1 Rxc1 36. h5 Bf5 37. Rg7 Rc7 38. Kg3 h6 39. Kf4 Bh3 40. Be2 Bf5 41. Bb5 Bh7 42. Ke3 a6 43. Be2 Bg8 44. Kd2 Rc6 45. a4 a5 46. Bb5 Rc7 47. Be8 b6 48. Bb5 Rb7 49. Bc6 Rc7 50. Bb5 Rb7 1/2-1/2

[Event "ESP-ch 85th"]
[Site "Linares"]
[Date "2020.09.08"]
[Round "9"]
[White "Roldan Ortiz, Antonio Jose"]
[Black "Guadamuro Torrente, Anabel"]
[Result "0-1"]
[WhiteElo "1872"]
[BlackElo "2137"]
[PlyCount "52"]
[EventDate "2020.08.31"]
[EventType "swiss"]
[EventRounds "9"]
[EventCountry "ESP"]
[SourceTitle "EXT 2021"]
[Source "ChessBase"]
[SourceDate "2020.10.23"]
[SourceVersion "1"]
[SourceVersionDate "2020.10.23"]
[SourceQuality "1"]

1. d4 d5 2. c4 c6 3. Nc3 Nf6 4. Nf3 a6 5. cxd5 cxd5 6. Bf4 Nc6 7. e3 e6 8. Bd3 Be7 9. 0-0 0-0 10. Rc1 h6 11. h3 Bd7 12. Qe2 b5 13. Rfd1 Rc8 14. Ne5 Re8 15. Bh2 Nxe5 16. Bxe5 b4 17. Nb1 Qa5 18. b3 Bb5 19. Bxb5 axb5 20. Bxf6 Bxf6 21. Rc2 Rxc2 22. Qxc2 Ra8 23. Rd2 e5 24. dxe5 Bxe5 25. Rxd5 Qxa2 26. Rd8+ Rxd8 0-1

[Event "ESP-ch 85th"]
[Site "Linares"]
[Date "2020.08.31"]
[Round "1"]
[White "Anton Guijarro, David"]
[Black "Guadamuro Torrente, Anabel"]
[Result "1-0"]
[WhiteElo "2688"]
[BlackElo "2137"]
[PlyCount "86"]
[EventDate "2020.08.31"]
[EventType "swiss"]
[EventRounds "9"]
[EventCountry "ESP"]
[SourceTitle "EXT 2021"]
[Source "ChessBase"]
[SourceDate "2020.10.23"]
[SourceVersion "1"]
[SourceVersionDate "2020.10.23"]
[SourceQuality "1"]

1. c4 e5 2. g3 Nf6 3. Bg2 c6 4. d4 Bb4+ 5. Bd2 Bxd2+ 6. Qxd2 exd4 7. Qxd4 0-0 8. Nc3 Na6 9. e4 Re8 10. Nge2 Qe7 11. 0-0 Nc5 12. Rfe1 Ne6 13. Qd2 Qc5 14. b3 h6 15. Rad1 Ng4 16. Rf1 Ng5 17. Qd6 Qxd6 18. Rxd6 Nf6 19. f3 Re7 20. Rd2 b6 21. Nd4 g6 22. e5 Ne8 23. f4 Ne6 24. Nxe6 Rxe6 25. Rfd1 Re7 26. Ne4 a5 27. a3 Ra7 28. Kf2 Ba6 29. c5 bxc5 30. Nxc5 Bc8 31. Bh3 f5 32. Bf1 Kg7 33. Bc4 Kf8 34. Kf3 Ng7 35. Rd6 Ne6 36. Bxe6 dxe6 37. Rd8+ Re8 38. R1d6 a4 39. b4 g5 40. Nxe6+ Bxe6 41. Rxe8+ Kxe8 42. Rxe6+ Kf7 43. Rxh6 g4+ 1-0

[Event "ESP-ch 84th"]
[Site "Marbella"]
[Date "2019.11.24"]
[Round "9"]
[White "Guadamuro Torrente, Anabel"]
[Black "Alsina Leal, Daniel"]
[Result "0-1"]
[WhiteElo "2145"]
[BlackElo "2467"]
[PlyCount "110"]
[EventDate "2019.11.16"]
[EventType "swiss"]
[EventRounds "9"]
[EventCountry "ESP"]
[SourceTitle "CBM 193 Extra"]
[Source "ChessBase"]
[SourceDate "2020.01.31"]
[SourceVersion "1"]
[SourceVersionDate "2020.01.31"]
[SourceQuality "1"]

1. e4 c5 2. d3 Nc6 3. g3 Nf6 4. Bg2 d5 5. exd5 Nxd5 6. Nc3 Nxc3 7. bxc3 g6 8. Ne2 Bg7 9. 0-0 Bd7 10. Rb1 b6 11. c4 Rc8 12. Bb2 Nd4 13. Nxd4 cxd4 14. Re1 0-0 15. Qd2 Bc6 16. Bxc6 Rxc6 17. Ba3 Re8 18. Qg5 Bf6 19. Qg4 Qc7 20. Bb2 h5 21. Qe4 Qd7 22. h4 Rc5 23. Rbd1 Ra5 24. a3 Rc8 25. Bc1 e6 26. Qf4 Rf5 27. Qe4 b5 28. Bh6 bxc4 29. dxc4 Rxc4 30. Rb1 Qd5 31. Qe2 Re5 32. Qd2 Rxe1+ 33. Rxe1 Qf5 34. Re2 Rc3 35. Bg5 Rxa3 36. Bxf6 Qxf6 37. Re1 Kg7 38. Qb4 Rc3 39. Re2 d3 40. cxd3 Rxd3 41. Qb7 a5 42. Ra2 Qe5 43. Rc2 Rd1+ 44. Kh2 Qd5 45. Qxd5 Rxd5 46. Ra2 Kf6 47. Kg2 Ke5 48. Kf3 Kd4 49. Ke2 Kc3 50. Ra3+ Kb2 51. Ra4 Kb3 52. Ra1 a4 53. Rb1+ Kc2 54. Ra1 Re5+ 55. Kf3 Ra5 0-1

[Event "ESP-ch 84th"]
[Site "Marbella"]
[Date "2019.11.21"]
[Round "6"]
[White "Perez Ramos, Juan Carlos"]
[Black "Guadamuro Torrente, Anabel"]
[Result "0-1"]
[WhiteElo "1888"]
[BlackElo "2145"]
[PlyCount "70"]
[EventDate "2019.11.16"]
[EventType "swiss"]
[EventRounds "9"]
[EventCountry "ESP"]
[SourceTitle "CBM 193 Extra"]
[Source "ChessBase"]
[SourceDate "2020.01.31"]
[SourceVersion "1"]
[SourceVersionDate "2020.01.31"]
[SourceQuality "1"]

1. d4 Nf6 2. Nf3 b6 3. Bf4 Ba6 4. h3 e6 5. c3 Be7 6. Nbd2 c5 7. g4 0-0 8. Bg2 Bb7 9. Qc2 cxd4 10. cxd4 Nc6 11. 0-0 Rc8 12. Qa4 a6 13. a3 b5 14. Qd1 Na5 15. a4 b4 16. Rc1 Qb6 17. e3 b3 18. Nb1 Rxc1 19. Qxc1 Rc8 20. Nc3 Ne4 21. Ne5 Nxc3 22. bxc3 Bxg2 23. Kxg2 f6 24. Nd3 Qc6+ 25. Kg1 Qxa4 26. Nc5 Bxc5 27. dxc5 e5 28. Bg3 Rxc5 29. f4 e4 30. Qd2 Qc6 31. Rc1 Nc4 32. Qd4 b2 33. Rb1 Qd5 34. Be1 Qxd4 35. cxd4 Rb5 0-1

[Event "ESP-ch 84th"]
[Site "Marbella"]
[Date "2019.11.17"]
[Round "2"]
[White "Merario Alarcon, Andres"]
[Black "Guadamuro Torrente, Anabel"]
[Result "1-0"]
[WhiteElo "2394"]
[BlackElo "2145"]
[PlyCount "49"]
[EventDate "2019.11.16"]
[EventType "swiss"]
[EventRounds "9"]
[EventCountry "ESP"]
[SourceTitle "CBM 193 Extra"]
[Source "ChessBase"]
[SourceDate "2020.01.31"]
[SourceVersion "1"]
[SourceVersionDate "2020.01.31"]
[SourceQuality "1"]

1. d4 c5 2. d5 Nf6 3. c4 e5 4. Nc3 d6 5. e4 Be7 6. g3 0-0 7. Bg2 Nbd7 8. Nge2 Ne8 9. 0-0 g6 10. Bh6 Ng7 11. Qd2 f5 12. f4 exf4 13. exf5 f3 14. Bxf3 Ne5 15. b3 Nxf3+ 16. Rxf3 Rxf5 17. Raf1 Rxf3 18. Rxf3 Bf5 19. Nf4 Bf6 20. Bxg7 Bxg7 21. Ne6 Bxe6 22. dxe6 Qa5 23. e7 Bd4+ 24. Kg2 Re8 25. Qf4 1-0

[Event "ESP-ch rapid"]
[Site "Linares"]
[Date "2016.08.14"]
[Round "1"]
[White "Guadamuro Torrente, Anabel"]
[Black "Vallejo Pons, Francisco"]
[Result "0-1"]
[WhiteElo "2150"]
[BlackElo "2713"]
[PlyCount "124"]
[EventDate "2016.08.14"]
[EventType "swiss (rapid)"]
[EventRounds "9"]
[EventCountry "ESP"]
[SourceTitle "CBM 173 Extra"]
[Source "ChessBase"]
[SourceDate "2016.08.29"]
[SourceVersion "1"]
[SourceVersionDate "2016.08.29"]
[SourceQuality "1"]

1. e4 c5 2. d3 Nc6 3. g3 e6 4. Bg2 Nf6 5. f4 d5 6. e5 Nd7 7. Nf3 Be7 8. Nc3 a6 9. Ne2 b5 10. 0-0 Qc7 11. c3 a5 12. d4 b4 13. f5 exf5 14. Nf4 Nb6 15. dxc5 Bxc5+ 16. Kh1 Be6 17. Ng5 Qe7 18. Nxd5 Nxd5 19. Bxd5 Rc8 20. Bg2 0-0 21. Qh5 h6 22. Nxe6 fxe6 23. Bf4 Qf7 24. Qe2 bxc3 25. bxc3 g5 26. Be3 Ne7 27. Bxc5 Rxc5 28. Rad1 Ng6 29. Rd6 Rxe5 30. Qd2 Qf6 31. c4 Rf7 32. Rd8+ Kg7 33. Ra8 f4 34. Rxa5 Rxa5 35. Qxa5 Qd4 36. Qa6 Qe3 37. c5 f3 38. Bh3 Qxc5 39. Qxe6 h5 40. a4 g4 41. Bxg4 hxg4 42. Qxg4 Qd5 43. h4 Qd3 44. Rf2 Qe3 45. Kg1 Kh7 46. Qh5+ Kg7 47. Qg4 Kh6 48. a5 Qe1+ 49. Rf1 Qe3+ 50. Rf2 Rf6 51. h5 Ne5 52. Qg8 Qe1+ 53. Rf1 Qe3+ 54. Rf2 Qe1+ 55. Rf1 f2+ 56. Kg2 Qe4+ 57. Kh2 Nf3+ 58. Kh3 Ng5+ 59. Kh2 Qe2 60. Qh8+ Nh7 61. Kg2 Qf3+ 62. Kh2 Rf5 0-1

[Event "ESP-ch rapid"]
[Site "Linares"]
[Date "2016.08.14"]
[Round "8"]
[White "Martinez Reyes, Pedro Ramon"]
[Black "Guadamuro Torrente, Anabel"]
[Result "1-0"]
[WhiteElo "2365"]
[BlackElo "2150"]
[PlyCount "99"]
[EventDate "2016.08.14"]
[EventType "swiss (rapid)"]
[EventRounds "9"]
[EventCountry "ESP"]
[SourceTitle "CBM 173 Extra"]
[Source "ChessBase"]
[SourceDate "2016.08.29"]
[SourceVersion "1"]
[SourceVersionDate "2016.08.29"]
[SourceQuality "1"]

1. e4 d6 2. f4 e5 3. Nf3 Nc6 4. c3 g6 5. d4 exf4 6. Bxf4 Bg7 7. Bb5 a6 8. Ba4 b5 9. Bb3 Nf6 10. Nbd2 0-0 11. 0-0 h6 12. a4 Bb7 13. Bg3 Ne7 14. Qe2 bxa4 15. Rxa4 Nh5 16. Nh4 Nxg3 17. hxg3 d5 18. e5 Bc6 19. Rxa6 Rxa6 20. Qxa6 Qb8 21. Qa3 Re8 22. Ba4 Bxa4 23. Qxa4 c5 24. b3 g5 25. Nf5 Nxf5 26. Rxf5 Qc8 27. g4 Rf8 28. Nf3 cxd4 29. Qxd4 Rd8 30. b4 Qa6 31. Kh2 Qc6 32. Qa7 Rf8 33. Qe7 Qxc3 34. e6 fxe6 35. Qxe6+ Kh7 36. Rxf8 Bxf8 37. Qf5+ Kg7 38. Ne5 Qc7 39. g3 Bxb4 40. Qg6+ Kf8 41. Qxh6+ Ke8 42. Qe6+ Kf8 43. Nd7+ Kg7 44. Qf6+ Kh7 45. Qf7+ Kh8 46. Qh5+ Kg7 47. Qxg5+ Kf7 48. Qf6+ Ke8 49. Qe6+ Be7 50. Nf6+ 1-0

[Event "ESP-ch rapid"]
[Site "Linares"]
[Date "2015.08.22"]
[Round "4"]
[White "Lopez Martinez, Josep Manuel"]
[Black "Guadamuro Torrente, Anabel"]
[Result "1-0"]
[WhiteElo "2540"]
[BlackElo "2147"]
[PlyCount "89"]
[EventDate "2015.08.22"]
[EventType "swiss (rapid)"]
[EventRounds "9"]
[EventCountry "ESP"]
[SourceTitle "EXT 2016"]
[Source "ChessBase"]
[SourceDate "2015.10.08"]
[SourceVersion "1"]
[SourceVersionDate "2015.10.08"]
[SourceQuality "1"]

1. e4 e5 2. Nf3 Nc6 3. Bb5 Nf6 4. d3 d6 5. 0-0 g6 6. c3 Bg7 7. Re1 0-0 8. Bg5 a6 9. Ba4 b5 10. Bb3 Na5 11. Bc2 c5 12. Nbd2 Qe7 13. Nf1 h6 14. Bh4 Bb7 15. Ne3 Rfe8 16. a3 Bc6 17. b4 Nb7 18. Bb3 Qc7 19. Bxf6 Bxf6 20. Bd5 Bg7 21. h4 Bxd5 22. Nxd5 Qd8 23. h5 a5 24. g3 g5 25. Nh2 axb4 26. axb4 Rxa1 27. Qxa1 Qd7 28. Qa7 cxb4 29. cxb4 Nc5 30. Qxd7 Nxd7 31. Ng4 Ra8 32. Rc1 Nf8 33. Ne7+ Kh7 34. Nf5 Ra3 35. Rc7 Kg8 36. Nxd6 Rxd3 37. Nxf7 Rd4 38. Nfxh6+ Bxh6 39. Nxh6+ Kh8 40. Nf7+ Kg8 41. Nxg5 Rxb4 42. h6 Rc4 43. h7+ Kh8 44. Rf7 Rc8 45. Rb7 1-0

[Event "Madrid-chT 1415"]
[Site "Madrid"]
[Date "2014.11.23"]
[Round "1.3"]
[White "Aguado Solana, Juan"]
[Black "Guadamuro Torrente, Anabel"]
[Result "1/2-1/2"]
[WhiteElo "2090"]
[BlackElo "2191"]
[PlyCount "153"]
[EventDate "2014.11.23"]
[EventType "team-tourn"]
[EventRounds "14"]
[EventCountry "ESP"]
[SourceTitle "EXT 2016"]
[Source "ChessBase"]
[SourceDate "2015.10.08"]
[SourceVersion "1"]
[SourceVersionDate "2015.10.08"]
[SourceQuality "1"]
[WhiteTeam "Blanco y Negro"]
[BlackTeam "Casa del Ajedrez"]
[WhiteTeamCountry "ESP"]
[BlackTeamCountry "ESP"]

1. e4 e5 2. Nf3 Nc6 3. Bb5 Nf6 4. 0-0 Nxe4 5. d4 Nd6 6. Bxc6 dxc6 7. dxe5 Nf5 8. Qe2 Nd4 9. Nxd4 Qxd4 10. Nd2 Be6 11. c3 Qc5 12. Nb3 Qc4 13. Qc2 0-0-0 14. Be3 h5 15. Nd4 h4 16. Nxe6 Qxe6 17. Rfe1 h3 18. Bf4 hxg2 19. Kxg2 Be7 20. a4 Rh3 21. Re3 Rdh8 22. Rxh3 Qxh3+ 23. Kg1 f5 24. exf6 gxf6 25. Qg6 Qe6 26. Bg3 Bd6 27. Qd3 Qh3 28. Rd1 Qg4 29. Kh1 Rg8 30. Re1 f5 31. Qe2 Qxe2 32. Rxe2 f4 33. Bh4 Rh8 34. Bf6 f3 35. Re3 Rxh2+ 36. Kg1 Rg2+ 37. Kf1 Rg4 38. Rxf3 Rxa4 39. Re3 Bc5 40. Rd3 Bd6 41. Ke2 b6 42. Bd4 c5 43. Be3 c4 44. Rd2 Ra5 45. Rd4 Ra2 46. Bc1 Ra1 47. Kd1 b5 48. Kc2 Ra6 49. Rd5 b4 50. cxb4 Bxb4 51. Rd4 Bc5 52. Rf4 Re6 53. Be3 Bxe3 54. fxe3 Rxe3 55. Rxc4 Kb7 56. Rc5 Kb6 57. Rh5 c5 58. Kd2 Rg3 59. Rh8 Kb5 60. Rb8+ Kc4 61. Ra8 Rg2+ 62. Kc1 Rg7 63. Kc2 Rb7 64. Kc1 Kb4 65. Kc2 a5 66. Rh8 Rb5 67. Ra8 Rb6 68. Rh8 c4 69. Ra8 Rb5 70. Ra7 Rf5 71. Rb7+ Kc5 72. Rg7 Kb5 73. Rb7+ Kc5 74. Ra7 Kb5 75. Rb7+ Kc5 76. Ra7 Kb5 77. Rb7+ 1/2-1/2

[Event "Benidorm (Women) 3rd"]
[Site "Benidorm"]
[Date "2012.12.06"]
[Round "4"]
[White "Savina, Anastasia"]
[Black "Guadamuro Torrente, Anabel"]
[Result "1-0"]
[WhiteElo "2323"]
[BlackElo "2215"]
[PlyCount "77"]
[EventDate "2012.12.04"]
[EventType "tourn"]
[EventRounds "9"]
[EventCountry "ESP"]
[EventCategory "2"]
[SourceTitle "EXT 2014"]
[Source "ChessBase"]
[SourceDate "2013.11.20"]
[SourceVersion "1"]
[SourceVersionDate "2013.11.20"]
[SourceQuality "1"]

1. d4 d6 2. Nf3 Bg4 3. e4 Nf6 4. h3 Bh5 5. Nc3 e6 6. g4 Bg6 7. Qe2 a6 8. h4 h5 9. g5 Nfd7 10. Bh3 Be7 11. Be3 b5 12. Nd2 c5 13. d5 e5 14. a4 b4 15. Nd1 a5 16. b3 0-0 17. Nb2 Nb6 18. 0-0-0 N8d7 19. Bg2 Qc7 20. Bf3 c4 21. Bxb6 Nxb6 22. Nbxc4 Qc5 23. Nxb6 Qxb6 24. Nc4 Qc5 25. Rd2 Rac8 26. Bxh5 Bxh5 27. Qxh5 Qa7 28. g6 fxg6 29. Qxg6 Rf6 30. Qg4 Rcf8 31. Rg1 Bd8 32. h5 Kh7 33. Ne3 Rxf2 34. Rxf2 Rxf2 35. Nf5 Bf6 36. Qg6+ Kh8 37. h6 Rxf5 38. hxg7+ Bxg7 39. exf5 1-0